[Event "BRA-ch Seniors 50"]
[Site "Joao Pessoa"]
[Date "2022.08.21"]
[Round "5"]
[White "Goldenbrain, Luiz Glaudivan Silv"]
[Black "Da Silva, Antonio Dutra"]
[Result "1-0"]
[WhiteElo "1564"]
[BlackElo "1602"]
[PlyCount "121"]
[EventDate "2022.08.19"]
[EventType "k.o."]
[EventRounds "5"]
[EventCountry "BRA"]
[SourceTitle "CBM 210 Extra"]
[Source "ChessBase"]
[SourceDate "2022.11.30"]
[SourceVersion "1"]
[SourceVersionDate "2022.11.30"]
[SourceQuality "1"]

1. e4 c5 2. Nf3 d6 3. Bb5+ Bd7 4. Bxd7+ Nxd7 5. Qe2 Ngf6 6. h3 Qc7 7. c3 g6 8. Na3 a6 9. Nc2 Bg7 10. 0-0 0-0 11. Ne3 e6 12. d3 Nh5 13. g3 Rae8 14. Ng2 f5 15. Kh2 fxe4 16. dxe4 d5 17. Rd1 Ndf6 18. Ng5 Nxe4 19. Nxe4 dxe4 20. Be3 Rf3 21. Nf4 Nxg3 22. fxg3 Rf8 23. Rf1 Be5 24. Rxf3 exf3 25. Qc4 Re8 26. Rf1 b5 27. Qxc5 Bxf4 28. gxf4 Qf7 29. Rxf3 e5 30. Rf2 exf4 31. Rxf4 Qe6 32. Bd4 Qe2+ 33. Kg3 Qe1+ 34. Rf2 Qg1+ 35. Rg2 Qe1+ 36. Kh2 Qe4 37. Rf2 Qe6 38. h4 h5 39. Qg5 Qd6+ 40. Qg3 Qe6 41. Rg2 Kh7 42. Be5 Qf5 43. Bd4 Qe6 44. Qf4 Re7 45. b3 Rf7 46. Qb8 Rg7 47. Bxg7 Kxg7 48. Rf2 Qe7 49. Qf4 a5 50. Kg3 Kg8 51. Rd2 Kh7 52. Rf2 Kg8 53. c4 bxc4 54. Qxc4+ Kg7 55. Re2 Qd6+ 56. Qf4 Qd3+ 57. Kf2 Qd7 58. Qe5+ Kf7 59. Rc2 Qa7+ 60. Qc5 Qa8 61. Qb6 1-0

[Event "BRA-ch Seniors 50"]
[Site "Joao Pessoa"]
[Date "2022.08.19"]
[Round "2"]
[White "Da Silva, Antonio Dutra"]
[Black "Mazzuco Junior, Adir"]
[Result "1-0"]
[WhiteElo "1602"]
[BlackElo "1494"]
[PlyCount "67"]
[EventDate "2022.08.19"]
[EventType "k.o."]
[EventRounds "5"]
[EventCountry "BRA"]
[SourceTitle "CBM 210 Extra"]
[Source "ChessBase"]
[SourceDate "2022.11.30"]
[SourceVersion "1"]
[SourceVersionDate "2022.11.30"]
[SourceQuality "1"]

1. c4 Nf6 2. Nf3 d6 3. d4 Nc6 4. Nc3 e5 5. Bg5 Be7 6. Bxf6 Bxf6 7. d5 Nd4 8. Nxd4 exd4 9. Nb5 c5 10. Qa4 Bd7 11. Nxd6+ Kf8 12. Qc2 Qa5+ 13. Qd2 Qxd2+ 14. Kxd2 g6 15. e3 dxe3+ 16. fxe3 Bxb2 17. Rb1 Be5 18. Nxb7 Rb8 19. Bd3 Bf5 20. Nxc5 Rxb1 21. Rxb1 Bd6 22. Bxf5 gxf5 23. Nd3 Bxh2 24. Nf4 Ke7 25. Rb7+ Kd6 26. Rxa7 Bxf4 27. exf4 f6 28. Kc3 Rg8 29. Ra6+ Kc7 30. Rxf6 Rxg2 31. Rf7+ Kb6 32. Rxh7 Rxa2 33. Rh6+ Kc5 34. Rc6# 1-0

[Event "Joao Pessoa Fischer Memorial 11th"]
[Site "Joao Pessoa"]
[Date "2022.05.07"]
[Round "3"]
[White "Da Silva, Antonio Dutra"]
[Black "Cavalcante, Rodrigo Moreira"]
[Result "1-0"]
[WhiteElo "1592"]
[BlackElo "1857"]
[PlyCount "83"]
[EventDate "2022.05.06"]
[EventType "swiss"]
[EventRounds "6"]
[EventCountry "BRA"]
[SourceTitle "EXT 2023"]
[Source "ChessBase"]
[SourceDate "2022.10.05"]
[SourceVersion "1"]
[SourceVersionDate "2022.10.05"]
[SourceQuality "1"]

1. d4 d5 2. c4 e6 3. Nc3 Nf6 4. Bg5 Be7 5. Nf3 0-0 6. e3 Ne4 7. Bxe7 Qxe7 8. Bd3 Nxc3 9. bxc3 Nd7 10. 0-0 Nf6 11. Re1 Ne4 12. Qc2 f5 13. cxd5 exd5 14. c4 Be6 15. Rab1 b6 16. Ne5 c5 17. f3 Nd6 18. cxd5 Bxd5 19. dxc5 Rac8 20. Qb2 Rxc5 21. f4 Ra5 22. Ra1 Rc8 23. a4 g6 24. Qb4 Rac5 25. a5 Qb7 26. axb6 axb6 27. Ba6 Qc7 28. Bxc8 Nxc8 29. Qd4 Ne7 30. Re2 Be4 31. Rd2 Nd5 32. Ra8+ Kg7 33. Ng4+ Kf7 34. Nh6+ Ke7 35. Qg7+ Kd6 36. Qf8+ Qe7 37. Nf7+ Kc6 38. Qc8+ Qc7 39. Nd8+ Kb5 40. Qa6+ Kb4 41. Rb2+ Kc3 42. Qa3+ 1-0

[Event "Pessoense Master 6th"]
[Site "Joao Pessoa"]
[Date "2020.03.13"]
[Round "8"]
[White "Da Silva, Antonio Dutra"]
[Black "Morais, Francisco John Silv"]
[Result "0-1"]
[WhiteElo "1662"]
[BlackElo "1695"]
[PlyCount "30"]
[EventDate "2020.03.07"]
[EventType "tourn"]
[EventRounds "11"]
[EventCountry "BRA"]
[SourceTitle "CBM 195 Extra"]
[Source "ChessBase"]
[SourceDate "2020.05.31"]
[SourceVersion "1"]
[SourceVersionDate "2020.05.31"]
[SourceQuality "1"]

1. e4 c5 2. Nf3 d6 3. d4 cxd4 4. Nxd4 Nf6 5. Nc3 a6 6. f4 e6 7. Be3 Nc6 8. Be2 Be7 9. g4 Qa5 10. 0-0 e5 11. g5 exd4 12. gxf6 Bxf6 13. Nd5 dxe3 14. Nxf6+ gxf6 15. Qxd6 Qd8 0-1

[Event "BRA-ch sf Reg2 86th"]
[Site "Recife"]
[Date "2019.12.21"]
[Round "5"]
[White "Barioni, Daniel Rossiter"]
[Black "Da Silva, Antonio Dutra"]
[Result "1-0"]
[WhiteElo "1827"]
[BlackElo "1666"]
[PlyCount "73"]
[EventDate "2019.12.19"]
[EventType "swiss"]
[EventRounds "7"]
[EventCountry "BRA"]
[SourceTitle "CBM 194 Extra"]
[Source "ChessBase"]
[SourceDate "2020.03.31"]
[SourceVersion "1"]
[SourceVersionDate "2020.03.31"]
[SourceQuality "1"]

1. d4 Nf6 2. Bf4 c5 3. d5 d6 4. Nc3 g6 5. e4 Bg7 6. Nf3 0-0 7. Bc4 a6 8. a4 Nbd7 9. h3 Nh5 10. Bd2 Rb8 11. Qe2 f5 12. exf5 gxf5 13. Ng5 Ndf6 14. Ne6 Bxe6 15. Qxe6+ Kh8 16. g4 Ne4 17. Nxe4 fxe4 18. gxh5 Bxb2 19. Rb1 Bd4 20. Qg4 Qe8 21. Qxe4 Qxh5 22. Be2 Qf7 23. Rf1 Qf6 24. Rb3 b5 25. axb5 axb5 26. Rxb5 Rxb5 27. Bxb5 Rb8 28. Bd3 Qf7 29. Ke2 Rf8 30. Be3 Qh5+ 31. Kd2 Rb8 32. Rg1 Rf8 33. Qg4 Qf7 34. Qe6 Qe8 35. Bf5 Qd8 36. Bh6 Rxf5 37. Qxf5 1-0

[Event "Joao Pessoa de Assis Memorial 1st"]
[Site "Joao Pessoa"]
[Date "2019.11.17"]
[Round "5"]
[White "De Almeida, Valdemiza Gurgel"]
[Black "Da Silva, Antonio Dutra"]
[Result "1-0"]
[WhiteElo "1353"]
[BlackElo "1700"]
[PlyCount "95"]
[EventDate "2019.11.15"]
[EventType "swiss"]
[EventRounds "6"]
[EventCountry "BRA"]
[SourceTitle "EXT 2021"]
[Source "ChessBase"]
[SourceDate "2020.10.23"]
[SourceVersion "1"]
[SourceVersionDate "2020.10.23"]
[SourceQuality "1"]

1. e4 Nf6 2. Nc3 e5 3. Nf3 d6 4. Be2 Be7 5. 0-0 0-0 6. h3 a6 7. a4 h6 8. Bc4 Nbd7 9. d3 Nb6 10. Bb3 c6 11. Be3 c5 12. Qd2 Bd7 13. Nh4 Nxe4 14. dxe4 Bxh4 15. Bxh6 gxh6 16. Qxh6 Bf6 17. Qg6+ Kh8 18. Bxf7 Rxf7 19. Qxf7 Qe7 20. Qxe7 Bxe7 21. f4 Bf6 22. Rad1 exf4 23. Rxd6 Bd4+ 24. Kh1 Bc6 25. Rxf4 Kg7 26. Rg4+ Kf7 27. Nd5 Nc4 28. Rh6 Rh8 29. Rf4+ Kg7 30. Re6 Re8 31. Ne7 Rxe7 32. Rxe7+ Kg6 33. b3 Ne3 34. Re6+ Kg7 35. h4 Nxc2 36. h5 Be3 37. h6+ Kg8 38. Rg4+ Kh8 39. Rf6 Bd4 40. Rf8+ Kh7 41. Rh4 Ne1 42. Rf7+ Kh8 43. h7 Bg7 44. Rc7 Bd7 45. Rxd7 Bf6 46. Rh5 b5 47. Rf7 Bg7 48. Rxg7 1-0

[Event "Joao Pessoa de Assis Memorial 1st"]
[Site "Joao Pessoa"]
[Date "2019.11.16"]
[Round "3"]
[White "Rocha, Vitor Firmo de Souz"]
[Black "Da Silva, Antonio Dutra"]
[Result "1-0"]
[WhiteElo "2187"]
[BlackElo "1700"]
[PlyCount "49"]
[EventDate "2019.11.15"]
[EventType "swiss"]
[EventRounds "6"]
[EventCountry "BRA"]
[SourceTitle "CBM 193 Extra"]
[Source "ChessBase"]
[SourceDate "2020.01.31"]
[SourceVersion "1"]
[SourceVersionDate "2020.01.31"]
[SourceQuality "1"]

1. e4 c5 2. Nf3 d6 3. d4 cxd4 4. Nxd4 Nf6 5. Nc3 g6 6. Be3 Bg7 7. f3 Nc6 8. Qd2 Nxd4 9. Bxd4 0-0 10. Bc4 e6 11. 0-0-0 a6 12. h4 b5 13. Bb3 Bb7 14. h5 d5 15. hxg6 fxg6 16. g4 Rc8 17. Qh2 Rf7 18. e5 Nd7 19. Qxh7+ Kf8 20. Qxg6 Rc6 21. Rh7 Qe7 22. Rdh1 Ke8 23. Rxg7 Nf8 24. Rh8 Kd7 25. Qxf7 1-0

[Event "Joao Pessoa Caldas Memorial 5th"]
[Site "Joao Pessoa"]
[Date "2019.09.14"]
[Round "4"]
[White "Da Silva, Antonio Dutra"]
[Black "Urquiza, Marcello de Albuque"]
[Result "0-1"]
[WhiteElo "1763"]
[BlackElo "2059"]
[PlyCount "74"]
[EventDate "2019.09.11"]
[EventType "tourn"]
[EventRounds "11"]
[EventCountry "BRA"]
[SourceTitle "CBM 195 Extra"]
[Source "ChessBase"]
[SourceDate "2020.05.31"]
[SourceVersion "1"]
[SourceVersionDate "2020.05.31"]
[SourceQuality "1"]

1. c4 c5 2. Nc3 Nf6 3. Nf3 e6 4. e4 d6 5. d4 cxd4 6. Nxd4 a6 7. Bd3 b6 8. Be3 Bb7 9. 0-0 Nbd7 10. f3 Rc8 11. a4 Be7 12. f4 Nc5 13. Qc2 Nxd3 14. Qxd3 Qc7 15. b3 Ng4 16. Bd2 0-0 17. h3 Nf6 18. g4 d5 19. exd5 exd5 20. cxd5 Rfd8 21. Rac1 Qb8 22. Be3 Nxd5 23. Nxd5 Rxd5 24. Rxc8+ Qxc8 25. Qe2 g6 26. Nf3 Bd6 27. Qf2 Rd3 28. Rc1 Qxc1+ 29. Bxc1 Bc5 30. Qxc5 bxc5 31. Nd2 Rxh3 32. Kf2 h5 33. gxh5 gxh5 34. Ba3 h4 35. Bxc5 Rh2+ 36. Ke1 h3 37. f5 Rxd2 0-1

[Event "Joao Pessoa Caldas Memorial 5th"]
[Site "Joao Pessoa"]
[Date "2019.09.11"]
[Round "1"]
[White "Da Silva, Antonio Dutra"]
[Black "Dantas, Francisco"]
[Result "1/2-1/2"]
[WhiteElo "1763"]
[BlackElo "1948"]
[PlyCount "44"]
[EventDate "2019.09.11"]
[EventType "tourn"]
[EventRounds "11"]
[EventCountry "BRA"]
[SourceTitle "CBM 195 Extra"]
[Source "ChessBase"]
[SourceDate "2020.05.31"]
[SourceVersion "1"]
[SourceVersionDate "2020.05.31"]
[SourceQuality "1"]

1. d4 Nf6 2. c4 g6 3. Nc3 d5 4. Nf3 Bg7 5. cxd5 Nxd5 6. e4 Nxc3 7. bxc3 c5 8. Bc4 Nc6 9. 0-0 Bg4 10. Bxf7+ Kxf7 11. Ng5+ Kg8 12. Qxg4 Qc8 13. Qe2 Na5 14. Qf3 Bf6 15. e5 Bxg5 16. Bxg5 Qe6 17. Bh6 cxd4 18. cxd4 Rd8 19. Rad1 Qf7 20. Qc3 Qd5 21. Qc7 Kf7 22. Qc3 Rhe8 1/2-1/2

[Event "Joao Pessoa U2100 3rd"]
[Site "Joao Pessoa"]
[Date "2019.07.18"]
[Round "5.6"]
[White "Gomes, Genildo de Souza"]
[Black "Da Silva, Antonio Dutra"]
[Result "1-0"]
[WhiteElo "1628"]
[BlackElo "1758"]
[PlyCount "71"]
[EventDate "2019.07.14"]
[EventType "tourn"]
[EventRounds "11"]
[EventCountry "BRA"]
[SourceTitle "EXT 2022"]
[Source "ChessBase"]
[SourceDate "2021.10.06"]
[SourceVersion "1"]
[SourceVersionDate "2021.10.06"]
[SourceQuality "1"]

1. d4 d5 2. Nf3 Nf6 3. Nbd2 e6 4. e3 Bd6 5. Bd3 Nbd7 6. 0-0 0-0 7. e4 dxe4 8. Nxe4 Nxe4 9. Bxe4 Nf6 10. Bg5 h6 11. Bxf6 Qxf6 12. Re1 Re8 13. Ne5 Qg5 14. Re3 Bxe5 15. dxe5 Rd8 16. Rd3 Rf8 17. Qe2 f5 18. exf6 Qxf6 19. Rad1 e5 20. Rf3 Qe7 21. Rxf8+ Kxf8 22. Qf3+ Qf6 23. Rd8+ Kf7 24. Qxf6+ Kxf6 25. g4 Ke7 26. Rh8 Kf6 27. Bf5 Bxf5 28. Rxa8 Bxg4 29. Rxa7 Bf3 30. a4 Ke6 31. b4 Kd6 32. c4 c5 33. b5 Kc7 34. Kf1 Kb8 35. b6 Kc8 36. Ra5 1-0

[Event "BRA-ch North-Northeast U1800"]
[Site "Fortaleza"]
[Date "2019.04.26"]
[Round "2.2"]
[White "Da Silva, Antonio Dutra"]
[Black "Correia, Aristoteles de Jesu"]
[Result "1/2-1/2"]
[WhiteElo "1758"]
[BlackElo "1687"]
[PlyCount "39"]
[EventDate "2019.04.26"]
[EventType "swiss"]
[EventRounds "6"]
[EventCountry "BRA"]
[SourceTitle "EXT 2022"]
[Source "ChessBase"]
[SourceDate "2021.10.06"]
[SourceVersion "1"]
[SourceVersionDate "2021.10.06"]
[SourceQuality "1"]

1. c4 Nf6 2. Nc3 g6 3. d4 Bg7 4. e4 d6 5. Nf3 0-0 6. Be2 Nbd7 7. 0-0 e5 8. d5 Nc5 9. Bg5 h6 10. Bxf6 Qxf6 11. b4 Nd7 12. Rc1 Qe7 13. Qc2 Nf6 14. Ne1 Ng4 15. h3 Nf6 16. Nd3 Nh7 17. Qd2 f5 18. exf5 Bxf5 19. g4 Bxd3 20. Qxd3 1/2-1/2

[Event "Joao Pessoa Caldas Memorial U2000 4th"]
[Site "Joao Pessoa"]
[Date "2018.11.18"]
[Round "11"]
[White "Canonico, Rodrigo"]
[Black "Da Silva, Antonio Dutra"]
[Result "1/2-1/2"]
[WhiteElo "1691"]
[BlackElo "1822"]
[PlyCount "67"]
[EventDate "2018.09.24"]
[EventType "tourn"]
[EventRounds "11"]
[EventCountry "BRA"]
[SourceTitle "EXT 2021"]
[Source "ChessBase"]
[SourceDate "2020.10.23"]
[SourceVersion "1"]
[SourceVersionDate "2020.10.23"]
[SourceQuality "1"]

1. e4 c5 2. d4 cxd4 3. c3 dxc3 4. Nxc3 Nc6 5. Bc4 e6 6. Nf3 Nf6 7. e5 Ng4 8. Bf4 Qa5 9. Qe2 Bb4 10. Rc1 Bc5 11. 0-0 h5 12. Ne4 Be7 13. Nc3 a6 14. h3 Nh6 15. Rfe1 Nf5 16. Bg5 Nfd4 17. Nxd4 Nxd4 18. Qe3 Nf5 19. Qf4 f6 20. exf6 gxf6 21. Bh4 Nxh4 22. Qxh4 f5 23. Qd4 Rg8 24. Re5 Qd8 25. Rxf5 d5 26. Nxd5 exf5 27. Re1 Kf8 28. Rxe7 Qd6 29. Re8+ Kxe8 30. Nf6+ Ke7 31. Nxg8+ Kd7 32. Nf6+ Ke7 33. Ng8+ Kd7 34. Nf6+ 1/2-1/2